長野県の戦前市制・町制 - Statistics

General Stats
  • This quiz has been taken 115 times
  • The average score is 33 of 42
Answer Stats
施行日 施行内容 所属郡 回答 % Correct
1897.04.01 市制 (市) 長野市
100%
1907.05.01 市制 (市) 松本市
98%
1919.05.01 町制 (市) 上田市
92%
1937.04.01 市制 (市) 飯田市
92%
1893.06.30 町制 諏訪郡 下諏訪町
90%
1923.08.01 町制 北佐久郡 軽井沢町
90%
1936.04.01 市制 (市) 岡谷市
90%
1889.04.01 町制 小県郡 上田町
89%
1889.04.01 町制 北安曇郡 大町
89%
1941.08.10 市制 (市) 諏訪市
89%
1889.04.01 町制 下伊那郡 飯田町
87%
1889.04.01 町制 東筑摩郡 松本町
87%
1889.04.01 町制 下高井郡 中野町
87%
1889.04.01 町制 上水内郡 長野町
87%
1889.04.01 町制 下水内郡 飯山町
87%
1891.04.28 町制 諏訪郡 上諏訪町
87%
1889.04.01 町制 北佐久郡 小諸町
85%
1897.10.15 町制 上伊那郡 伊那町
85%
1914.04.21 町制 更級郡 篠ノ井町
85%
1927.04.01 町制 東筑摩郡 塩尻町
85%
1893.05.27 町制 西筑摩郡 福島町
82%
1889.04.01 町制 埴科郡 屋代町
79%
1889.04.01 町制 上高井郡 須坂町
79%
1889.04.01 町制 上伊那郡 高遠町
75%
1921.07.01 町制 南安曇郡 穂高町
75%
1889.04.01 町制 埴科郡 松代町
74%
1904.07.12 町制 埴科郡 坂城町
74%
1889.04.01 町制 北佐久郡 岩村田町
72%
1915.04.01 町制 南安曇郡 豊科町
72%
1919.11.01 町制 南佐久郡 中込町
72%
1912.10.30 町制 小県郡 丸子町
70%
1922.09.01 町制 西筑摩郡 上松町
70%
1940.04.17 町制 上伊那郡 赤穂町
67%
1889.04.01 町制 小県郡 長久保新町
62%
1889.04.01 町制 小県郡 長窪古町
62%
1897.03.09 町制 南佐久郡 野沢町
62%
1915.04.01 町制 北安曇郡 池田町
62%
1940.04.17 町制 埴科郡 戸倉町
62%
1893.06.30 町制 南佐久郡 臼田町
61%
1889.04.01 町制 更級郡 稲荷山町
49%
1929.04.01 町制 下伊那郡 上飯田町
49%
1914.04.01 町制 上水内郡 吉田町
48%
No matching quizzes found
Score Distribution
Percent of People with Each Score
Percentile by Number Answered
Your Score History
You have not taken this quiz